Statistics for Low cost Airlines

Click here to take the quiz!

General Stats

  • This quiz has been taken 251 times
  • The average score is 4 of 8

Answer Stats

HintAnswer% Correct
RYRryanair
98%
EZYeasyjet
92%
WVLwizz air
43%
BEEflybe
40%
TOMthomson
32%
SWAsouthwest airline
24%
EXSjet 2
20%
BMIbmibaby
10%

Score Distribution

Percentile by Number Answered

Percent of People with Each Score

Your Score History

You have not taken this quiz